000 01378cam a22002414a 4500
005 20250605164046.0
008 250528s ||||||||||||||||||||||||d
035 _a17131
020 _a130108561
040 _aGR-AtMCL
_bgre
_dGR-AtMCL
_eAACR2
245 1 _aBusiness Statistics / A Decision - Making Approach
250 _a5th
260 _bPrentice Hall,
_c1993
300 _a826
520 _aThe Where and Why and How of Data Collection, Graphs and Charts and Tables - Describing Your Data, Describing Data Using Numerical Measures, Using Probability and Discrete Probability Distributions, Continuous Probability Distributions, Introduction to Sampling Distributions, Estimating Population Values, Introduction to Hypothesis Testing, Hypothesis Testing and Estimation for Two Population Values, Analysis of Variance, Introduction to Linear Regression and Correlation Analysis, Multiple Regression Analysis and Model Building, Introduction to Quality and Statistical Process Control, Goodness-of-Fit Tests and Contingency Analysis, Introduction to Nonparametric Statistics, Analyzing and Forecasting Time-Series Data, Introduction to Decision Analysis, Appendices.
700 1 _aFry Phillip C
_93274
700 1 _aGroebner David F
_93275
700 1 _aShannon Patrick W
_93276
700 1 _aSmith Kent D
_93277
942 _cBK
999 _c2571
_d2571